Регионална библиотека "Любен Каравелов" - Русе

Поведение на потребителя (Запис номер 75864)

MARC детайли
000 -Лидер
Контролно поле с фиксирана дължина 02016nam a2200433 c 4500
003 - Код на организацията, давaща контролен номер
Контролно поле BLK
005 - Дата и час на последна редакция
Контролно поле 20250311123953.0
008 - Елементи от данни с фиксирана дължина
fixed length control field 180408b bul|||||r ||||||| ||bul||
010 ## - Наследен системен номер
LC control number KNG00080286000
020 ## - Международен стандартен номер на книга ISBN
Международен стандартен номер на книга ISBN 978-954-535-480-9
-- издат.: Нов бълг. унив.
040 ## - Източник на каталожния запис
Идентификатор на билиотеката - собственик на записа BLK
041 ## - Код за език
Код за езика на текст/звукозапис или на отделно заглавие Български
Код за езика КДБФ Български
080 ## - УДК
Текстов определител УДК Пазар. Анализ на пазара. Търсене. Предлагане. Конкуренция. Маркетингова логистика
УДК код - определител по УДК 339.13
УДК определител (075.8)
УДК - код + определител 339.13(075.8)
080 ## - УДК
Текстов определител УДК Икономическа психология. Икономическо поведение. Физиологични и психологични елементи. Интереси. Икономически дух
УДК код - определител по УДК 330.16
УДК определител (075.8)
УДК - код + определител 330.16(075.8)
100 1# - Редна дума - Автор
Автор Маркова, Благодатка Пенчева
Авторска отговорност първи автор
R(LIN) 365032
139 ## - Редно поле
Редна дума Маркова, Благодатка Пенчева
Авторски знак Марк - М 32
245 10 - Сведения за заглавието
Заглавие Поведение на потребителя
Подзаглавни данни Учебник
Редно поле (дума) Благодатка Пенчева Маркова.
257 ## - Страна на издаване
Страна на създаване/издаване България
260 ## - Област на издателските данни
-- София
Име на издателя, разпространителя и проч. Нов бълг. унив.
Година на издаване 2007
300 ## - Физическа характеристика
Страници 206 с.
Илюстрации и др. с табл.
Размери/Мащаб 20 см
380 ## - Жанр
Жанр Обществени науки
490 1# - СЕРИИ (Колекции)
Име на серия Икономика
500 ## - Общи забележки
Забележка Библиогр. след отд. гл.
650 #4 - Допълнително описание по предмет – тема
Основно описание – тема или топоним Потребление - психологични проблеми
9 (RLIN) 264123
650 #4 - Допълнително описание по предмет – тема
Основно описание – тема или топоним Търсене и предлагане
9 (RLIN) 259981
650 #4 - Допълнително описание по предмет – тема
Основно описание – тема или топоним Маркетинг - учебници за ВУЗ
9 (RLIN) 242328
650 #4 - Допълнително описание по предмет – тема
Основно описание – тема или топоним Икономическо поведение
9 (RLIN) 245306
653 ## - Ключова дума – ненормативна
Ключова дума потребление
653 ## - Ключова дума – ненормативна
Ключова дума маркетинг
653 ## - Ключова дума – ненормативна
Ключова дума икономическо поведение
653 ## - Ключова дума – ненормативна
Ключова дума продажби
653 ## - Ключова дума – ненормативна
Ключова дума учебници за ВУЗ
852 ## - Местоположение
Форматна сигнатура Цб 237569
856 4# - Електронен адрес и достъп
Електронен формат pdf - файл
Път до файла /url/
856 4# - Електронен адрес и достъп
Електронен формат pdf - файл
Път до файла /url/
942 ## - АРТИКУЛИ
Вид на библиотечния материал Книги
Скрит в OPAC Не
Koha issues (borrowed), all copies 4
944 ## - СЪЗДАВАНЕ И РЕДАКЦИЯ на ЗАПИСА
Създаване/Редакция Създаване
Дата на регистрацията/редакция 07.01.2008
Служител, извършил регистрацията/редакцията 30535
Статус, дата на статуса Христина Везирева
944 ## - СЪЗДАВАНЕ И РЕДАКЦИЯ на ЗАПИСА
Създаване/Редакция Редакция
Дата на регистрацията/редакция 09.01.2009
Служител, извършил регистрацията/редакцията
999 ## - СИСТЕМНИ КОНТРОЛНИ НОМЕРА
Koha biblionumber 75864
Koha biblioitemnumber 75864
Наличности
Код за отписване Код за изгубен артикул Източник на класификационната схема Код за повреда Коз за рестрикции Код за отдаване Артикулен № Име на библиотеката - собственик Име на библиотеката, в която се намира в момента Статус (Текущо местоположение) Дата на вписване в системата Местоположение - отдел Цена в лева Инвентарен номер Систематично азбучна сигнатура Баркод Номер на екземпляра Цена в евро Служебна бележка Служебен тип на артикула
  Не е изгубен Universal Decimal Classification Не е повреден без рестрикции заемане за дома 123395 Регионална библиотека "Любен Каравелов" Русе Регионална библиотека "Любен Каравелов" Русе Заемна - подръчен фонд 2007-12-27 Заемна - подръчен фонд 8.39 120000721758 П 339/М 32 120000721758 1 4.29 Дост: Pk Вид: Ф N: 13344 Дата: 17.12.2007 Дата инв: 26.01.2015 Бележки инв: П2015 Книги
  Не е изгубен   Не е повреден без рестрикции ползва се в читалня 123396 Регионална библиотека "Любен Каравелов" Русе Регионална библиотека "Любен Каравелов" Русе Хранилище 2009-01-09 Хранилище 7.00 120000732610 Цб 237569 120000732610 2 3.58 Дост: Dp Вид: Д N: 32 Дата: 23.07.2008 Книги
Vip Innovations Ltd, Rousse, Bulgaria 2025